000 00278nam a2200109Ia 4500
005 20251222155103.0
008 251222s9999||||xx |||||||||||||| ||spa||
082 _aMAN.140
245 0 _aEl gran libro de las preguntas y respuestas el Comer
264 _bEl Comercio
942 _cLIB
999 _c37742
_d37742